[Event "Lloydminster Battle at the Border"]
[Site "Lloydminster"]
[Date "2007.10.20"]
[Round "1"]
[White "Bjerke, Silje"]
[Black "Blum, Roger"]
[Result "1/2-1/2"]
[WhiteElo "2186"]
[BlackElo "1864"]
[PlyCount "64"]
[EventDate "2007.10.20"]
[EventType "swiss"]
[EventRounds "4"]
[EventCountry "CAN"]
[SourceTitle "EXT 2022"]
[Source "ChessBase"]
[SourceDate "2021.10.06"]
[SourceVersion "1"]
[SourceVersionDate "2021.10.06"]
[SourceQuality "1"]

1. e4 c5 2. c3 d5 3. exd5 Qxd5 4. d4 Nc6 5. Nf3 Bg4 6. Be2 e6 7. 0-0 Nf6 8. Be3 cxd4 9. cxd4 Be7 10. Nc3 Qd8 11. Qb3 Qb6 12. Qc2 Bf5 13. Qd2 Qd8 14. Rad1 0-0 15. Qc1 Nd5 16. Ne5 Ncb4 17. a3 Nxe3 18. fxe3 Nd5 19. Nxd5 Qxd5 20. Bf3 Qb3 21. e4 Rac8 22. Qf4 Bg6 23. Rd2 Bd6 24. Qh4 Bxe5 25. dxe5 Rc2 26. Qf2 Rxd2 27. Qxd2 Qb6+ 28. Qf2 Qa5 29. h4 h6 30. h5 Bh7 31. Qg3 Qb6+ 32. Qf2 Qa5 1/2-1/2

[Event "Canadian op"]
[Site "Edmonton"]
[Date "2005.07.09"]
[Round "1"]
[White "Yuan, Michael"]
[Black "Blum, Roger"]
[Result "0-1"]
[WhiteElo "2119"]
[BlackElo "1618"]
[PlyCount "152"]
[EventDate "2005.07.09"]
[EventType "swiss"]
[EventRounds "10"]
[EventCountry "CAN"]
[SourceTitle "CBM 107 Extra"]
[Source "ChessBase"]
[SourceDate "2005.09.01"]
[SourceVersion "1"]
[SourceVersionDate "2005.09.01"]
[SourceQuality "1"]

1. e4 c5 2. Nf3 Nc6 3. Bb5 e6 4. Bxc6 bxc6 5. d3 Nf6 6. Nc3 Be7 7. 0-0 0-0 8. e5 Nd5 9. Ne4 f5 10. Nd6 Rb8 11. c4 Nc7 12. b3 Ne8 13. Bf4 g5 14. Be3 g4 15. Bxc5 gxf3 16. Qxf3 Nxd6 17. exd6 Bf6 18. d4 a5 19. a4 Qe8 20. Rad1 Qg6 21. Qc3 Bd8 22. Rd3 Qf6 23. Re1 Rf7 24. Qd2 Rg7 25. f4 Rg4 26. h3 Rg6 27. Ba3 Ba6 28. Bb2 Qh4 29. Re5 Rg3 30. Ree3 Rxe3 31. Qxe3 Bxc4 32. bxc4 Rxb2 33. Kh2 Kf7 34. d5 cxd5 35. cxd5 Qf2 36. dxe6+ dxe6 37. Qxf2 Rxf2 38. Rb3 Rxf4 39. Rb7+ Ke8 40. Rxh7 Rxa4 41. d7+ Kf8 42. Rh8+ Ke7 43. Rh7+ Kd6 44. Kg3 Re4 45. Kf3 a4 46. h4 a3 47. Rh8 Kxd7 48. Rh7+ Kc6 49. Ra7 Bxh4 50. Rxa3 Rb4 51. Rc3+ Kd5 52. Rd3+ Rd4 53. Rb3 Be7 54. Rb7 Bd6 55. Rb5+ Kc4 56. Rb1 Rd3+ 57. Ke2 Bf4 58. Rb6 Rd6 59. Rb7 Bg3 60. Rc7+ Kd4 61. Kf3 f4 62. Ra7 Ke5 63. Ra5+ Rd5 64. Ra3 Kf5 65. Ra8 Rd3+ 66. Ke2 Re3+ 67. Kd2 e5 68. Rf8+ Ke4 69. Ra8 Rd3+ 70. Ke2 Rb3 71. Ra4+ Kf5 72. Ra8 Rb2+ 73. Kf1 Rf2+ 74. Kg1 Rd2 75. Rf8+ Ke4 76. Kf1 Ke3 0-1